Informe psicológico: (Registro nro. 35443)

000 -CABECERA
campo de control de longitud fija 01312cam a22003614a 4500
001 - NÚMERO DE CONTROL
campo de control 001325478
003 - IDENTIFICADOR DEL NÚMERO DE CONTROL
campo de control AR-RgUNPA
005 - FECHA Y HORA DE LA ÚLTIMA TRANSACCIÓN
campo de control 20260302090638.0
007 - CAMPO FIJO DE DESCRIPCIÓN FÍSICA--INFORMACIÓN GENERAL
campo de control de longitud fija ta
008 - DATOS DE LONGITUD FIJA--INFORMACIÓN GENERAL
campo de control de longitud fija 100218s2005 ag d fr f 1 0 spa
015 ## - NÚMERO DE BIBLIOGRAFÍA NACIONAL
Número de bibliografía nacional AR-2005
020 ## - NÚMERO INTERNACIONAL ESTÁNDAR DEL LIBRO
Número Internacional Estándar del Libro 9789502313511
040 ## - FUENTE DE LA CATALOGACIÓN
Centro catalogador/agencia de origen SIUNPA
Lengua de catalogación spa
Centro/agencia transcriptor SIUNPA
Normas de descripción AACR
041 ## - CÓDIGO DE LENGUA
Código de lengua del texto/banda sonora o título independiente spa
044 ## - CÓDIGO DEL PAÍS DE LA ENTIDAD EDITORA/PRODUCTORA
Código MARC del país ag
Código ISO del país ar-c
080 1# - NÚMERO DE LA CLASIFICACIÓN DECIMAL UNIVERSAL
Número de la Clasificación Decimal Universal 159.9.072.4 I439i3
245 00 - MENCIÓN DE TÍTULO
Título Informe psicológico:
Resto del título elaboración y características en diferentes ámbitos
Mención de responsabilidad, etc. / Beatriz H. Cattaneo (compiladora)
250 ## - MENCIÓN DE EDICIÓN
Mención de edición 3a. ed.
260 ## - PUBLICACIÓN, DISTRIBUCIÓN, ETC.
Lugar de publicación, distribución, etc. Buenos Aires :
Nombre del editor, distribuidor, etc. Eudeba,
Fecha de publicación, distribución, etc. reimpr.2013
300 ## - DESCRIPCIÓN FÍSICA
Extensión 207 p. :
Otras características físicas il.
490 1# - MENCIÓN DE SERIE
Mención de serie (Psicología / Eudeba)
504 ## - NOTA DE BIBLIOGRAFÍA, ETC.
Nota de bibliografía, etc. Bibliografía: p. 203-206.
650 #4 - PUNTO DE ACCESO ADICIONAL DE MATERIA--TÉRMINO DE MATERIA
Término de materia o nombre geográfico como elemento de entrada PSICOLOGIA
Fuente del encabezamiento o término isoc de psicología
650 #4 - PUNTO DE ACCESO ADICIONAL DE MATERIA--TÉRMINO DE MATERIA
Término de materia o nombre geográfico como elemento de entrada PSICODIAGNOSTICO
Fuente del encabezamiento o término isoc de psicología
650 #4 - PUNTO DE ACCESO ADICIONAL DE MATERIA--TÉRMINO DE MATERIA
Término de materia o nombre geográfico como elemento de entrada INFORME PSCOLOGICO
Fuente del encabezamiento o término isoc de psicología
650 #4 - PUNTO DE ACCESO ADICIONAL DE MATERIA--TÉRMINO DE MATERIA
Término de materia o nombre geográfico como elemento de entrada EVALUCION PSICOLOGICA
Fuente del encabezamiento o término isoc de psicología
700 1# - PUNTO DE ACCESO ADICIONAL--NOMBRE DE PERSONA
Nombre de persona Cattaneo, Beatriz H.
Término indicativo de función/relación , comp.
-- aut.
830 #0 - PUNTO DE ACCESO ADICIONAL DE SERIE-TÍTULO UNIFORME
Título uniforme Psicología
930 #1 - EQUIVALENCIA O REFERENCIA CRUZADA-ENCABEZAMIENTO DE TÍTULO UNIFORME [LOCAL, CANADÁ]
Lenguaje de la obra BNA01
Medio de interpretación para música LIBRO
Enlace 00881292
Enlace entre campo y número de secuencia 20110912
Fecha de publicación/de la obra 11
Medio 2a ed., reimpr. (2008)
Versión 03
Número de parte o sección de la obra 000
Mención de arreglo para música 001325478
930 #1 - EQUIVALENCIA O REFERENCIA CRUZADA-ENCABEZAMIENTO DE TÍTULO UNIFORME [LOCAL, CANADÁ]
Lenguaje de la obra BNA01
Medio de interpretación para música LIBRO
Enlace 00906393
Enlace entre campo y número de secuencia 20110912
Fecha de publicación/de la obra 11
Medio 2a. ed., reimpr. (2009)
Versión 03
Número de parte o sección de la obra 000
Mención de arreglo para música 001325478
930 #1 - EQUIVALENCIA O REFERENCIA CRUZADA-ENCABEZAMIENTO DE TÍTULO UNIFORME [LOCAL, CANADÁ]
Lenguaje de la obra BNA01
Medio de interpretación para música LIBRO
Enlace 00947287
Enlace entre campo y número de secuencia 20141117
Fecha de publicación/de la obra 11
Medio 3a. ed., 2a reimpr. (2011)
Versión 03
Número de parte o sección de la obra 002
Mención de arreglo para música 001325478
942 ## - ELEMENTOS DE PUNTO DE ACCESO ADICIONAL (KOHA)
Fuente del sistema de clasificación o colocación
Tipo de ítem Koha Libros
Existencias
Estado de retiro Estado de pérdida Fuente del sistema de clasificación o colocación Estado dañado No para préstamo Código de colección Localización permanente Ubicación/localización actual Fecha de adquisición Fuente de adquisición Coste, precio normal de compra Número de inventario Signatura topográfica completa Código de barras Fecha visto por última vez Precio válido a partir de Tipo de ítem Koha
          Colección General SIUNPA Biblioteca Académica Malvina Perazo 2026-03-02 Donación Sura, Ivan Matías 39000.00 05-51951 159.9.072.4 I439i3 05-51951 2026-03-02 2026-03-02 Libros